000 02805nam0a2200433 4500
001 RU\NLR\BIBL_A\011985776
005 20190927155557.0
010 _a978-5-8356-1708-1
_9100
021 _aRU
_bКН-П-19-019415
_9КН-П-19-1454
035 _a(NLR Aleph) 011985776
035 _a(RuMoRGB)009925009
090 _a11332386
_c11332386
100 _a20190410d2018 k y0rusy50 ca
101 0 _arus
_deng
102 _aRU
105 _aa|||z|||100zy
200 1 _aПроблемы исследования и проектирования машин. Новые химические технологии, защитные и специальные покрытия: производство и применение
_eсборник статей
_fXI Международная научно-техническая конференция, Министерство науки и высшего образования РФ, Академия инженерных наук РФ [и др.
_gредакционная коллегия: Ю.П. Перелыгин, д.т.н., профессор, Е.А. Чуфистов, к.т.н., профессор]
210 _aПенза
_cПриволжский Дом знаний
_d2018
215 _a128 с.
_cил., табл.
_d19
300 _aРез. англ.
313 _aПо X конф. 2016 г.
320 _aБиблиогр. в конце ст.
517 1 _aНовые химические технологии, защитные и специальные покрытия: производство и применение
606 1 _aХимическая технология
_xИнновационные процессы
_jСъезды, совещания и т.п
_2nlr_sh1
_2nlr_sh2
_3RU\NLR\AUTH\661412741
606 1 _aМашины
_xПроектирование
_jСъезды, совещания и т.п
_2nlr_sh1
_2nlr_sh2
_3RU\NLR\AUTH\66349212
606 1 _aМашиноведение
_jСъезды, совещания и т.п
_2nlr_sh1
_2nlr_sh2
_3RU\NLR\AUTH\66706915
606 1 _aМеталлы
_xЗащитные покрытия
_jСъезды, совещания и т.п
_2nlr_sh1
_2nlr_sh2
_3RU\NLR\AUTH\6654734
686 1 _aЛ10я431(0)
686 1 _aК663я431(0)
686 1 _aК4я431(0)
702 1 _aПерелыгин
_bЮ. П.
_gЮрий Петрович
_4340
702 1 _aЧуфистов
_bЕ. А.
_f1950-
_gЕвгений Алексеевич
_4340
712 0 1 _aРоссийская Федерация
_bМинистерство науки и высшего образования
_3RU\NLR\AUTH\880480400
_4570
942 _cBOOK
980 _aNBR
980 _aNB